[Event "New Delhi Parsvnath op 13th"]
[Site "New Delhi"]
[Date "2015.01.16"]
[Round "10"]
[White "Sudarshan, Malga"]
[Black "Saurabh, Anand"]
[Result "0-1"]
[WhiteElo "2089"]
[BlackElo "1892"]
[PlyCount "94"]
[EventDate "2015.01.09"]
[EventType "tourn"]
[EventRounds "10"]
[EventCountry "IND"]
[SourceTitle "CBM 164 Extra"]
[Source "ChessBase"]
[SourceDate "2015.03.02"]
[SourceVersion "1"]
[SourceVersionDate "2015.03.02"]
[SourceQuality "1"]

1. c4 e5 2. Nc3 g6 3. g3 Bg7 4. Bg2 d6 5. d3 Nc6 6. e4 Nf6 7. Nge2 0-0 8. 0-0 Nd7 9. Be3 Nd4 10. Bxd4 exd4 11. Nb5 Nb6 12. a4 a6 13. Nbxd4 c5 14. Nc2 Bxb2 15. Ra2 Bg7 16. a5 Nd7 17. Ne3 Ne5 18. Nd5 Nc6 19. Nb6 Rb8 20. Qd2 Be6 21. Nf4 Nd4 22. Rb2 g5 23. Nfd5 g4 24. f4 gxf3 25. Bxf3 f5 26. Nf4 Nxf3+ 27. Rxf3 Bd4+ 28. Kg2 fxe4 29. dxe4 Bg4 30. Rf1 Qe7 31. Re1 Bxb2 32. Qxb2 Qe5 33. Qd2 Rbe8 34. Nbd5 Bf5 35. Kg1 Qd4+ 36. Qxd4 cxd4 37. Nh5 Kh8 38. Nhf6 Re6 39. g4 Bxg4 40. Nxg4 Rg6 41. h3 h5 42. e5 hxg4 43. e6 gxh3+ 44. Kh1 Re8 45. e7 h2 46. Kxh2 Kg7 47. Nc7 Rh8# 0-1

[Event "New Delhi Parsvnath op 13th"]
[Site "New Delhi"]
[Date "2015.01.10"]
[Round "3"]
[White "Sudarshan, Malga"]
[Black "Lazarev, Vladimir"]
[Result "0-1"]
[WhiteElo "2089"]
[BlackElo "2379"]
[PlyCount "82"]
[EventDate "2015.01.09"]
[EventType "tourn"]
[EventRounds "10"]
[EventCountry "IND"]
[SourceTitle "CBM 164 Extra"]
[Source "ChessBase"]
[SourceDate "2015.03.02"]
[SourceVersion "1"]
[SourceVersionDate "2015.03.02"]
[SourceQuality "1"]

1. c4 c5 2. Nc3 g6 3. g3 Bg7 4. Bg2 Nc6 5. d3 a6 6. e4 b5 7. Nge2 Rb8 8. 0-0 d6 9. Rb1 e6 10. Be3 b4 11. Na4 Nd4 12. Bxd4 cxd4 13. b3 Ne7 14. Qd2 Bd7 15. Nb2 0-0 16. Rbc1 Qb6 17. c5 dxc5 18. Qg5 Qd8 19. Qxc5 Bb5 20. Nc4 Nc6 21. Rfd1 Re8 22. Nd6 Bf8 23. e5 Nxe5 24. Qxe5 Bxd6 25. Qxd4 Qe7 26. Qe3 Rec8 27. d4 Qd7 28. Nf4 Rxc1 29. Rxc1 Rd8 30. Ne2 Bf8 31. Rd1 Bc5 32. Rd2 Bb6 33. Qe4 a5 34. d5 exd5 35. Qf3 Qe7 36. Bf1 Rd6 37. Nf4 Bc6 38. Nxd5 Bxd5 39. Rxd5 Rf6 40. Qd3 Rxf2 41. Rb5 Rd2+ 0-1

[Event "Wch U20 53rd"]
[Site "Pune"]
[Date "2014.10.14"]
[Round "8"]
[White "Sudarshan, Malga"]
[Black "Prasannaa, S."]
[Result "0-1"]
[WhiteElo "2007"]
[BlackElo "2232"]
[PlyCount "192"]
[EventDate "2014.10.06"]
[EventType "swiss"]
[EventRounds "13"]
[EventCountry "IND"]
[SourceTitle "EXT 2015"]
[Source "ChessBase"]
[SourceDate "2014.11.20"]
[SourceVersion "1"]
[SourceVersionDate "2014.11.20"]
[SourceQuality "1"]

1. c4 e6 2. e4 d5 3. cxd5 exd5 4. exd5 Nf6 5. Nc3 Be7 6. Nf3 0-0 7. d4 Bg4 8. Be2 Nbd7 9. h3 Bxf3 10. Bxf3 Nb6 11. 0-0 Bb4 12. Bg5 h6 13. Bh4 g5 14. Bg3 Bd6 15. Be5 Re8 16. Re1 Nc4 17. Bxd6 Rxe1+ 18. Qxe1 cxd6 19. Qe2 Nb6 20. Re1 Kf8 21. Qb5 a6 22. Qb3 Qc7 23. Rc1 Nc8 24. Rc2 Qd7 25. Ne4 Nxe4 26. Bxe4 Ne7 27. Qf3 Kg7 28. Bd3 Rc8 29. Qe4 Ng6 30. Re2 Qd8 31. Qf5 Rc1+ 32. Kh2 Rd1 33. a3 Qc7 34. Rc2 Qb6 35. Qe4 Qb3 36. Rc3 Qxb2 37. Rc7 Rxd3 38. Qxd3 Qxf2 39. Qf3 Qxf3 40. gxf3 Nh4 41. Kg3 Nf5+ 42. Kf2 b5 43. Rc6 a5 44. Ra6 Kf6 45. Rxa5 Nxd4 46. a4 bxa4 47. Rxa4 Ke5 48. Ke3 Nf5+ 49. Kd3 Kxd5 50. Ra5+ Ke6 51. f4 f6 52. Ke4 d5+ 53. Rxd5 Ng3+ 54. Kd4 Ne2+ 55. Kc4 Nxf4 56. Ra5 Nxh3 57. Kd4 Nf2 58. Ke3 Ng4+ 59. Ke4 f5+ 60. Kd4 f4 61. Ke4 Nf6+ 62. Kf3 Nd7 63. Ke4 Nf6+ 64. Kf3 Kd6 65. Rf5 Ke6 66. Ra5 Ne8 67. Kg4 Nd6 68. Kf3 Nc4 69. Rc5 Nd2+ 70. Ke2 Nb3 71. Rc6+ Kf5 72. Rxh6 Nd4+ 73. Kf2 Kg4 74. Rh1 Nf5 75. Rg1+ Ng3 76. Rg2 Kh3 77. Rg1 g4 78. Ra1 Ne4+ 79. Kg1 Kg3 80. Ra4 Ng5 81. Ra2 Nf3+ 82. Kf1 Kh3 83. Ra3 Kg3 84. Ra2 Nd4 85. Ra4 Nf5 86. Ra2 f3 87. Kg1 Ne3 88. Rh2 Nd1 89. Rg2+ Kf4 90. Ra2 g3 91. Ra4+ Ke3 92. Ra3+ Ke2 93. Ra2+ Ke1 94. Rg2 f2+ 95. Kh1 f1Q+ 96. Rg1 Nf2# 0-1

[Event "Wch U20 53rd"]
[Site "Pune"]
[Date "2014.10.07"]
[Round "2"]
[White "Sudarshan, Malga"]
[Black "Sahoo, Utkal Ranjan"]
[Result "0-1"]
[WhiteElo "2007"]
[BlackElo "2170"]
[PlyCount "128"]
[EventDate "2014.10.06"]
[EventType "swiss"]
[EventRounds "13"]
[EventCountry "IND"]
[SourceTitle "EXT 2015"]
[Source "ChessBase"]
[SourceDate "2014.11.20"]
[SourceVersion "1"]
[SourceVersionDate "2014.11.20"]
[SourceQuality "1"]

1. c4 Nf6 2. Nc3 e6 3. e4 Nc6 4. Nf3 d5 5. cxd5 exd5 6. e5 Ne4 7. Qb3 Nxc3 8. dxc3 Be7 9. Be3 Na5 10. Qc2 c6 11. Bd3 Nc4 12. Bf4 Bg4 13. Nd4 Bg5 14. Bxg5 Qxg5 15. 0-0 g6 16. Rae1 0-0-0 17. f4 Qe7 18. f5 Kb8 19. b3 Nb6 20. e6 Bxf5 21. Bxf5 gxf5 22. exf7 Qxf7 23. Rxf5 Qg6 24. Re6 Qg4 25. h3 Qg3 26. Rfe5 Rhg8 27. Re3 Qg5 28. Qe2 Nc8 29. Nf3 Qg7 30. Nd4 Rdf8 31. a4 Rf6 32. Rxf6 Qxf6 33. Rf3 Qg6 34. Nf5 Re8 35. Qd2 Re4 36. Ng3 Re8 37. Nf5 Re4 38. Ng3 Re8 39. Nf5 Qe6 40. Qf4+ Qe5 41. Qg4 Qe1+ 42. Kh2 Qe5+ 43. Kg1 Qc7 44. Qg3 Qe5 45. Qg5 Nd6 46. Qh5 Ne4 47. b4 a6 48. a5 Ka7 49. Ng7 Qxh5 50. Nxh5 Re7 51. g4 b6 52. axb6+ Kxb6 53. Nf4 Kb5 54. Ne2 Kc4 55. Nd4 Nxc3 56. Nxc6 Re4 57. Nb8 d4 58. Rf8 d3 59. Rc8+ Kb3 60. Nxa6 Re1+ 61. Kf2 d2 62. Nc5+ Kc2 63. Na4 d1Q 64. Rxc3+ Kb1 0-1

[Event "Wch U20 53rd"]
[Site "Pune"]
[Date "2014.10.06"]
[Round "1"]
[White "Beradze, Irakli"]
[Black "Sudarshan, Malga"]
[Result "1-0"]
[WhiteElo "2318"]
[BlackElo "2007"]
[PlyCount "37"]
[EventDate "2014.10.06"]
[EventType "swiss"]
[EventRounds "13"]
[EventCountry "IND"]
[SourceTitle "EXT 2015"]
[Source "ChessBase"]
[SourceDate "2014.11.20"]
[SourceVersion "1"]
[SourceVersionDate "2014.11.20"]
[SourceQuality "1"]

1. Nf3 d5 2. c4 c6 3. g3 Nf6 4. Bg2 g6 5. 0-0 Bg7 6. d4 0-0 7. cxd5 cxd5 8. Nc3 Nc6 9. Ne5 Bf5 10. Nxc6 bxc6 11. Na4 Ne4 12. Bf4 Rc8 13. Rc1 Re8 14. f3 Nd6 15. Be3 Nc4 16. Bf2 Bh6 17. f4 Nd6 18. Nc5 f6 19. h3 1-0

[Event "IND-chB 51st"]
[Site "Bhopal"]
[Date "2013.10.13"]
[Round "2"]
[White "Vignesh, NR."]
[Black "Sudarshan, Malga"]
[Result "1-0"]
[WhiteElo "2256"]
[BlackElo "1804"]
[PlyCount "59"]
[EventDate "2013.10.12"]
[EventType "swiss"]
[EventRounds "13"]
[EventCountry "IND"]
[SourceTitle "EXT 2014"]
[Source "ChessBase"]
[SourceDate "2013.11.20"]
[SourceVersion "1"]
[SourceVersionDate "2013.11.20"]
[SourceQuality "1"]

1. e4 e5 2. Nf3 Nc6 3. Bb5 a6 4. Ba4 Nf6 5. d3 d6 6. 0-0 Be7 7. h3 0-0 8. Bxc6 bxc6 9. c3 c5 10. Re1 Bb7 11. Nbd2 Re8 12. Nf1 c4 13. Ng3 cxd3 14. Qxd3 g6 15. Bg5 Nd7 16. Be3 Nf8 17. c4 c5 18. Rad1 Ne6 19. Bh6 Nd4 20. Nxd4 exd4 21. Nf5 Bf6 22. Qg3 Bxe4 23. Nxd6 Be5 24. Rxe4 Qxd6 25. Rde1 f6 26. f4 d3 27. fxe5 fxe5 28. Rxe5 Rxe5 29. Qxe5 d2 30. Qg7# 1-0